000 00947nam a2200265 a 4500
001 000015402
003 DO-SdBNP
005 20180409114808.0
007 000015402
008 100208s2003 dr 001 0 spa d
040 _aBPMSU
_bspa
_cBPMSU
082 4 _a923.2
_bV468v
100 1 _aVentura, Juan
245 1 0 _aVicepresidentes de la República Dominicana :
_bresúmenes biográficos de los vices de 1854 a 2003 /
_cJuan Ventura ; palabras preliminares Lipe Collado.
260 _aSanto Domingo :
_bCollado,
_c2003.
300 _a91,[6] p. :
_c21 cm.
500 _aIncluye índice onomástico.
650 4 _aVICEPRESIDENTES
_zREPÚBLICA DOMINICANA
_xBIOGRAFÍAS
_y1854-2003
_2SEARS
650 7 _aPOLÍTICOS
_zREPÚBLICA DOMINICANA
_vBIOGRAFÍAS
_y1854-2003
700 1 _aCollado, Lipe
910 _aValidado. Control de calidad MFF
942 _2ddc
_cBK
945 _ainventariado / 2018 VM
956 _aVMATEO
_b10
_c20170215
_dBPMSU
_f0069
_2
999 _c7827
_d7827